[Event "Cto por Equipos de Aragon-Preferente I"]
[Site ""]
[Date "2023.02.25"]
[Round "5.52"]
[White "Jimenez Azlor, Hugo"]
[Black "Arino Castan, Federico"]
[Result "0-1"]
[WhiteElo "1537"]
[BlackElo "1612"]
[PlyCount "0"]
[WhiteTeam "Enroque Barbastro A"]
[BlackTeam "Binefar A"]
[EventDate "2023.01.28"]

1. c4 Nf6 2. g3 g6 3. Bg2 d5 4. cxd5 Nxd5 5. e3 Bg7 6. Ne2 O-O 
7. d4 e5 8. dxe5 
c6 9. Bd2 Bxe5 10. Nbc3 Nxc3 11. Bxc3 Bxc3+ 
12. Nxc3 Qb6 13. Qe2 Be6 14. O-O Na6 
15. Rfd1 Rad8 16. b3 Nb4 
17. Rac1 Rxd1+ 18. Rxd1 Rd8 19. Na4 Qc7 20. Rd2 Rxd2 
21. Qxd2 Nd5 
22. Nc5 Qe7 23. Nxe6 Qxe6 24. e4 Nf6 25. Qd4 a6 26. f4 h5 27. e5 
Nd5 
28. Bxd5 cxd5 29. b4 b6 30. a4 Qc6 31. a5 Qc1+ 32. Kg2 bxa5 33. bxa5 Qc2+ 

34. Kh3 Qc4 35. Qd2 d4 36. Kg2 Qc3 37. Qd1 d3 38. Kf1 Kf8 39. Kf2 Ke7 
40. Ke3 
d2+ 41. Ke2 Qxa5 42. Qxd2 Qxd2+ 43. Kxd2 Ke6 44. h3 Kf5 
45. Kd3 a5 46. Kc4 a4 
47. Kb4 h4 48. gxh4 0-1

[Event "Cto por Equipos de Aragon-Preferente II"]
[Site ""]
[Date "2023.02.25"]
[Round "5.53"]
[White "Moursy Sadek, Tarek"]
[Black "Mombiela De Sus, Jose Luis"]
[Result "0-1"]
[WhiteElo "1709"]
[BlackElo "1944"]
[PlyCount "0"]
[WhiteTeam "Utebo San Lamberto A"]
[BlackTeam "Las Fuentes B"]
[EventDate "2023.01.28"]

1. e4 e6 2. d4 d5 3. Bd3 dxe4 4. Bxe4 Nf6 5. Bf3 Nbd7 6. Ne2 Bd6 7. c4 c6 8.
Nbc3 O-O 9. O-O e5 10. g3 exd4 11. Nxd4 Ne5 12. Be2 Bh3 13. Re1 h6 14. Bf4 Re8
15. Qc1 Bc5 16. Bxe5 Rxe5 17. Nb3 Bd6 18. Bf3 Qe7 19. Rxe5 Qxe5 20. Qe1 Qf5 21.
Bg2 Bxg2 22. Kxg2 Re8 23. Qd2 Qe6 24. Qd3 Bb4 25. Nd1 Ng4 26. Rc1 h5 27. h3 Ne5
28. Qe2 h4 29. g4 c5 30. Ne3 Qc6+ 31. Nd5 b5 32. f4 Nxc4 33. Qf3 Qxd5  0-1

[Event "Cto por Equipos de Aragon-Preferente II"]
[Site ""]
[Date "2023.02.25"]
[Round "5.54"]
[White "Brosa Soto, Jesus"]
[Black "Arias Alvarez, Alberto"]
[Result "1-0"]
[WhiteElo "1938"]
[BlackElo "1703"]
[PlyCount "0"]
[WhiteTeam "Las Fuentes B"]
[BlackTeam "Utebo San Lamberto A"]
[EventDate "2023.01.28"]

1. d4 Nf6 2. Bf4 e6 3. e3 c5 4. c3 cxd4 5. exd4 b6 6. Nd2 Bb7 7. Ngf3 Be7 8. Bd3
O-O 9. O-O d6 10. Qe2 Re8 11. Rad1 Nbd7 12. Rfe1 h6 13. h3 Nd5 14. Bg3 N7f6 15.
c4 Nb4 16. Bb1 d5 17. a3 Nc6 18. cxd5 Qxd5 19. Nf1 Na5 20. Ne3 Qb3 21. Bc2 Ba6
22. Qxa6 Qxb2 23. a4 Nd5 24. Qd3 g6 25. Rb1 Qc3 26. Nxd5  1-0

[Event "Cto por Equipos de Aragon-Preferente II"]
[Site ""]
[Date "2023.02.25"]
[Round "5.55"]
[White "Sancho Herranz, Miguel Angel"]
[Black "Artal Alegria, Francisco Javier"]
[Result "0-1"]
[WhiteElo "1549"]
[BlackElo "1745"]
[PlyCount "0"]
[WhiteTeam "Utebo San Lamberto A"]
[BlackTeam "Las Fuentes B"]
[EventDate "2023.01.28"]

1. d4 Nf6 2. Nf3 c5 3. e3 e6 4. Bd3 d5 5. c3 Nbd7 6. Nbd2 b6 7. e4 cxd4 8. Nxd4
Bb7 9. exd5 Nxd5 10. O-O Be7 11. N2f3 Rc8 12. Re1 O-O 13. Ne5 Nxe5 14. Rxe5 Bf6
15. Rh5 g6 16. Rh3 e5 17. Ne2 e4 18. Bxe4 Nxc3 19. Nxc3 Qxd1+ 20. Nxd1 Bxe4 21.
Nc3 Bf5 22. Rf3 Rfd8 23. Bh6 Bg7 24. Bxg7 Kxg7 25. Re3 Rd2 26. Re7 Rxb2 27. Nd1
Rb1 28. Rxb1 Bxb1 29. Kf1 Rc1 30. Ke1 a5 31. Rb7 Bxa2 32. Rxb6 Rb1 33. Rxb1
Bxb1 34. Nc3 Bc2 35. Kd2 Bb3 36. Nb1 Bd5 37. g3 a4 38. Kc3 f5 39. Kd4 Ba2 40.
Nc3 Bb3 41. Nb1 Kf6 42. f4 Ke6 43. Nd2 Bd5 44. Nb1 Kd6 45. h4 Ke6 46. Na3 Bb3
47. Nb1 Kf6 48. Na3 h6 49. Nb1 Ke6 50. Na3 Kd6 51. Nb1 Kc6 52. Ke5 Kc5 53. Kf6
h5 54. Kxg6 Bd1 55. Kxf5 Bc2+ 56. Kg5 Bxb1 57. Kxh5 a3 58. Kg5 a2 59. f5 a1=Q 
0-1

[Event "Cto por Equipos de Aragon-Preferente II"]
[Site ""]
[Date "2023.02.25"]
[Round "5.56"]
[White "Manguez Cambra, Jose Luis"]
[Black "Cabestre Mines, Juan Ignacio"]
[Result "1-0"]
[WhiteElo "1730"]
[BlackElo "1391"]
[PlyCount "0"]
[WhiteTeam "Las Fuentes B"]
[BlackTeam "Utebo San Lamberto A"]
[EventDate "2023.01.28"]

1. d4 d5 2. Nc3 Nf6 3. e4 dxe4 4. f3 e6 5. fxe4 Bb4 6. Bd3 c5 7. Nf3 c4 8. Bxc4
Nxe4 9. Qd3 Bxc3+ 10. bxc3 Qc7 11. O-O O-O 12. Ng5 Nxg5 13. Bxg5 h6 14. Bf4 Qe7
15. Qg3 Kh8 16. Bxb8 b5 17. Bd6  1-0

[Event "Cto por Equipos de Aragon-Preferente II"]
[Site ""]
[Date "2023.02.25"]
[Round "5.57"]
[White "Muro Guerrero, Miguel"]
[Black "Veras Sanz, Marino"]
[Result "1-0"]
[WhiteElo "1939"]
[BlackElo "2054"]
[PlyCount "0"]
[WhiteTeam "Dr. Azua A"]
[BlackTeam "El Olivar B"]
[EventDate "2023.01.28"]

1. e4 c5 2. Nf3 d6 3. d4 cxd4 4. Nxd4 Nf6 5. Nc3 g6 6. Be3 Bg7 7. f3 O-O 8. Qd2
Nc6 9. O-O-O d5 10. exd5 Nxd5 11. Nxc6 bxc6 12. Bd4 e5 13. Bc5 Be6 14. Bc4 Qh4
15. Bxf8 Rxf8 16. f4 Nxc3 17. g3 Qg4 18. Qxc3 exf4 19. Qb3 fxg3 20. Bxe6 Qf4+
21. Kb1 g2 22. Rhg1 Rb8 23. Bxf7+ Kh8 24. Rxg2 Rxb3 25. Bxb3 Be5 26. Rgd2 c5
27. c3 Bf6 28. Rd7 c4 29. Bc2 a5 30. Re1 Be5 31. Re4 Qxh2 32. Rxc4 Qh1+ 33. Bd1
Qa8 34. Bf3 Qf8 35. Ra7 Bb8 36. Rb7 Qf5+ 37. Ka1 Qh3 38. Rd4 Qc8 39. Rdd7 Be5
40. Rxh7+ Kg8 41. Bd5+ Kf8 42. Rhf7+ Ke8 43. Rbe7+ Kd8 44. Rf8+ 1-0

[Event "Cto por Equipos de Aragon-Preferente II"]
[Site ""]
[Date "2023.02.25"]
[Round "5.59"]
[White "Garcia Garcia, Enrique"]
[Black "Requena Munguira, Jorge"]
[Result "1-0"]
[WhiteElo "1797"]
[BlackElo "1888"]
[PlyCount "0"]
[WhiteTeam "Dr. Azua A"]
[BlackTeam "El Olivar B"]
[EventDate "2023.01.28"]

1. d4 d5 2. c4 e6 3. Nc3 Nf6 4. cxd5 exd5 5. Bg5 c6 6. e3 Be7 7. Bd3 h6 8. Bh4
O-O 9. Qc2 Nbd7 10. Nge2 c5 11. Bb5 c4 12. Bxd7 Qxd7 13. Bxf6 gxf6 14. Nf4 Bb4
15. O-O Bxc3 16. Qxc3 Qc6 17. e4 Kh8 18. Nxd5 Bg4 19. Qe3 Kh7 20. Qf4 f5 21. f3
Bh5 22. Qxf5+ Bg6 23. Qe5 f6 24. Qc7+ Qxc7 25. Nxc7 Rac8 26. Ne6 Rfe8 27. d5
Bf7 28. Nd4 Re5 29. Nb5 Rc5 30. d6 Be8 31. Nc7 Bd7 32. Rfd1 f5 33. Rd5 Kg7 34.
Rad1 Kf6 35. f4 Rexd5 36. Nxd5+ Ke6 37. Nc7+ Kf7 38. e5 b5 39. Rd5 Rxd5 40.
Nxd5 Bc6 41. Ne3 Ke6 42. Kf2 a5 43. a3 h5 44. Ke1 Be4 45. Kd2 Bc6 46. g3 Bd7
47. Kc3 Bc6 48. a4 b4+ 49. Kxc4 Bxa4 50. Kc5 Bd7 51. Nc4 1-0

[Event "Cto por Equipos de Aragon-Preferente II"]
[Site ""]
[Date "2023.02.25"]
[Round "5.60"]
[White "Munoz Valles, Jorge"]
[Black "Abenia Porroche, Roberto"]
[Result "1-0"]
[WhiteElo "1838"]
[BlackElo "1699"]
[PlyCount "0"]
[WhiteTeam "El Olivar B"]
[BlackTeam "Dr. Azua A"]
[EventDate "2023.01.28"]

1. d4 c5 2. d5 Nf6 3. c4 Ne4 4. f3 Qa5+ 5. Nd2 Nd6 6. e4 g6 7. Bd3 b5 8. Kf2
Bg7 9. Ne2 bxc4 10. Nxc4 Nxc4 11. Bxc4 Ba6 12. Bd2 Qb6 13. Bxa6 Nxa6 14. Bc3
O-O 15. g3 d6 16. Kg2 f5 17. Qd2 Rab8 18. Rab1 fxe4 19. fxe4 Nc7 20. Nf4 Bh6
21. Rhf1 Qa6 22. Nxg6 hxg6 23. Qxh6 Qe2+ 24. Kg1 Qh5 25. Qg7# 1-0

[Event "Cto por Equipos de Aragon-Preferente II"]
[Site ""]
[Date "2023.02.25"]
[Round "5.62"]
[White "Gutierrez Mingueza, Ruben"]
[Black "Mimbela Lopez, Luis"]
[Result "1/2-1/2"]
[WhiteElo "2009"]
[BlackElo "2016"]
[PlyCount "0"]
[WhiteTeam "San Jose A"]
[BlackTeam "Agrupacion A"]
[EventDate "2023.01.28"]

1. d4 Nf6 2. Nf3 g6 3. c4 Bg7 4. g3 d6 5. Bg2 O-O 6. Nc3 Nbd7 7. O-O e5 8. e4
exd4 9. Nxd4 Re8 10. Re1 Nc5 11. h3 a5 12. Qc2 c6 13. Be3 Nfd7 14. f4 a4 15.
Rac1 Qa5 16. Kh2 Nf8 17. Bf2 h5 18. Rcd1 Nfe6 19. Nf3 a3 20. e5 dxe5 21. Nxe5
axb2 22. Qxb2 h4 23. Qc1 hxg3+ 1/2-1/2

[Event "Cto por Equipos de Aragon-Preferente II"]
[Site ""]
[Date "2023.02.25"]
[Round "5.63"]
[White "Carruez Berges, Santiago"]
[Black "Baldellou Vicente, Roberto"]
[Result "1-0"]
[WhiteElo "1930"]
[BlackElo "1952"]
[PlyCount "0"]
[WhiteTeam "Agrupacion A"]
[BlackTeam "San Jose A"]
[EventDate "2023.01.28"]

1. e4 e6 2. d4 d5 3. Nc3 Bb4 4. e5 c5 5. a3 Bxc3+ 6. bxc3 Ne7 7. Nf3 Qc7 8. Bd3
Nbc6 9. O-O cxd4 10. cxd4 Bd7 11. Bd2 Na5 12. Bb4 Nc4 13. Qe2 Rc8 14. Ng5 h6
15. Qh5 g6 16. Qh4 Ng8 17. Nf3 Qd8 18. Qf4 g5 19. Qg3 Ne7 20. h4 Rg8 21. hxg5
hxg5 22. Nh2 Nf5 23. Qh3 a5 24. Qh7 Nh6 25. Qxh6 axb4 26. Bxc4 Rxc4 27. Ng4 Ke7
28. Qf6+ Ke8 29. Qf3 Rg6 30. Rfd1 Ke7 31. axb4 Qb6 32. c3 Qc7 33. Rd3 Bb5 34.
Re3 Qc6 35. Ra8 b6 36. Ra7+ 1-0

[Event "Cto por Equipos de Aragon-Preferente II"]
[Site ""]
[Date "2023.02.25"]
[Round "5.65"]
[White "Gomez Salinas, Nestor"]
[Black "Ruiz Fernandez, Daniel"]
[Result "0-1"]
[WhiteElo "2048"]
[BlackElo "1926"]
[PlyCount "0"]
[WhiteTeam "Palacio De Pioneros C"]
[BlackTeam "MyInvestor Casablanca C"]
[EventDate "2023.01.28"]

1. g4 d5 2. Bg2 Bxg4 3. c4 c6 4. Qb3 e6 5. cxd5 exd5 6. Qxb7 Nd7 7. Nc3 Ne7 8.
d4 Rb8 9. Qxa7 Nf5 10. Nxd5 cxd5 11. Bxd5 Bb4+ 12. Kf1 O-O 13. e4 Nb6 14. a3
Nxd5 15. axb4 Nb6 16. Ra3 Qxd4 17. exf5 Qd1+ 18. Kg2 Qxc1 19. b5 Qf4 20. h3
Bxf5 21. Rh2 Be4+ 22. f3 Rbd8 23. Kh1 Nc4 24. fxe4 Nxa3 25. Qxa3 Qxe4+ 26. Qf3
Qxf3+ 27. Nxf3 Rd5 28. Rc2 Rxb5 29. Nd4 Rb6 30. Nc6 g6 31. b4 Kg7 32. b5 Rc8
33. Rc5 Rxb5 34. Rxb5 Rxc6 35. Kg2 Rc3 36. Rb7 h5 37. Ra7 h4 38. Rb7 Rg3+ 39.
Kh2 Rf3 40. Kg2 Rf4 41. Ra7 Kh6 42. Rb7 f5 43. Rb8 Kg5 44. Rb6 Ra4 45. Rc6 Ra2+
46. Kg1 Ra3 47. Kg2 Rg3+ 48. Kh2 f4 49. Ra6 f3 50. Ra3 f2 51. Ra6 Rxh3+ 52. Kg2
Rf3 53. Kf1 h3 54. Ra8 Kg4 55. Rh8 g5 56. Rh7 Kg3 57. Re7 h2 58. Rh7 Re3 0-1

[Event "Cto por Equipos de Aragon-Preferente II"]
[Site ""]
[Date "2023.02.25"]
[Round "5.66"]
[White "Sanjulian Arruga, Pablo"]
[Black "Sanjuan Segura, Ignacio"]
[Result "1/2-1/2"]
[WhiteElo "1911"]
[BlackElo "1820"]
[PlyCount "0"]
[WhiteTeam "MyInvestor Casablanca C"]
[BlackTeam "Palacio De Pioneros C"]
[EventDate "2023.01.28"]

1. c4 e6 2. g3 Nf6 3. Bg2 d5 4. Nf3 Be7 5. O-O O-O 6. d4 dxc4 7. Qc2 a6 8. a4
Bd7 9. Ne5 Bc6 10. Nxc6 Nxc6 11. Bxc6 bxc6 12. Nd2 Qxd4 13. Nxc4 Qe4 14. Qxe4
Nxe4 15. f3 Nd6 16. Ne5 Bf6 17. Nxc6 a5 18. e4 Ra6 19. e5 Rxc6 20. exf6 gxf6
21. Bd2 Nc4 22. Rfc1 Rb8 23. Bc3 e5 24. Rab1 Rcb6 25. Be1 Nxb2 26. Bxa5 Nd3 27.
Rxb6 cxb6 28. Rb1 Ra8 29. Bxb6 Rxa4 30. Bd8 Ra6 31. Rd1 Nc5 32. Be7 Nb3 33. Rd6
Rxd6 34. Bxd6 Kg7 35. Kf2 Nd4 36. g4 Kg6 37. Be7 f5 38. Bd6 f6 39. h3 Ne6 40.
Ke3 f4+ 41. Kf2 1/2-1/2

[Event "Cto por Equipos de Aragon-Preferente II"]
[Site ""]
[Date "2023.02.25"]
[Round "5.67"]
[White "Crespo Laborda, Alberto"]
[Black "Bello Cera, Raul"]
[Result "1-0"]
[WhiteElo "1600"]
[BlackElo "1657"]
[PlyCount "0"]
[WhiteTeam "Palacio De Pioneros C"]
[BlackTeam "MyInvestor Casablanca C"]
[EventDate "2023.01.28"]

1. d4 Nf6 2. c4 e6 3. Nf3 c5 4. e3 Nc6 5. a3 d5 6. dxc5 Bxc5 7. b4 Bb6 8. Bb2
O-O 9. Nbd2 d4 10. exd4 Nxd4 11. c5 Nxf3+ 12. Nxf3 Bc7 13. Qxd8 Rxd8 14. Be2
Bd7 15. Ne5 Ba4 16. Bf3 Rab8 17. c6 b6 18. Bd1 Rd5 19. f4 Bxd1 20. Rxd1 Rc8 21.
O-O Rcd8 22. Rde1 b5 23. Bc1 Rc8 24. Rd1 Bxe5 25. fxe5 Rxd1 26. Rxd1 Nd5 1-0

[Event "Cto por Equipos de Aragon-Preferente II"]
[Site ""]
[Date "2023.02.25"]
[Round "5.69"]
[White "Lopez Caudevilla, David"]
[Black "Sierra Aguerri, Joaquin"]
[Result "0-1"]
[WhiteElo "2165"]
[BlackElo "2091"]
[PlyCount "0"]
[WhiteTeam "Actur Rey Fernando A"]
[BlackTeam "Tauste A"]
[EventDate "2023.01.28"]


1. Nf3 Nf6 2. g3 g6 3. Bg2 Bg7 4. O-O d6 5. d4 c6 6. c4 Qa5 7. Re1 O-O 8. e4
Bg4 9. h3 Bxf3 10. Bxf3 e5 11. Bd2 Qc7 12. d5 Nbd7 13. Na3 a6 14. Rc1 c5 15.
Nc2 b5 16. b4 bxc4 17. Ne3 Nb6 18. Nxc4 Nxc4 19. Rxc4 Nd7 20. bxc5 Nxc5 
21. Bb4 Rfb8 22. Be2 Bf8 23. Qc2 Qb6 24. Kg2 Ra7 25. h4 a5 26. Ba3 Rc7 
27. h5 Qa7 28. hxg6 hxg6 29. Rb1 Rbc8 30. Rb5 Rb8 31. Bxc5 dxc5 32. Ra4 Rxb5 
33. Bxb5 Rb7 34. Qd3 Bd6 35. Ba6 Rb4 36. Rxa5 c4 37. Qc2 Qb6 38. Ra4 Rb2 
39. Qxb2 Qxb2 40. Rxc4 Qxa2 41. Rc6 Qa3 42. Be2 Kg7 43. Bg4 Kf8 44. Rc8+ Ke7 
45. Rc6 Qb4 46. f3 Kf6 47. Rc2 Kg5 48. Rf2 0-1

[Event "Cto por Equipos de Aragon-Preferente II"]
[Site ""]
[Date "2023.02.25"]
[Round "5.70"]
[White "Carbonel Sanchez, Andres"]
[Black "Leon Dionis, Mateo"]
[Result "1-0"]
[WhiteElo "1948"]
[BlackElo "1754"]
[PlyCount "0"]
[WhiteTeam "Tauste A"]
[BlackTeam "Actur Rey Fernando A"]
[EventDate "2023.01.28"]

1. e4 c6 2. d4 d5 3. exd5 cxd5 4. Bd3 Nc6 5. c3 Qc7 6. h3 e6 7. Nf3 Bd6 
8. O-O Nge7 9. Re1 Ng6 10. a4 a6 11. b4 O-O 12. Ng5 Bh2+ 13. Kh1 Bf4 
14. Bxf4 Qxf4 15. Qh5 h6 16. Nf3 Bd7 17. Nbd2 Rac8 18. Bxg6 fxg6 
19. Qxg6 Rf6 20. Qg3 Qf5 21. Re3 Rg6 22. Qd6 Rd8 23. Nh4 Qxf2 24. Nxg6 Qxe3 
25. Ne7+ Nxe7 26. Qxe7 Qg5 27. Qxg5 hxg5 28. Re1 Kf7 29. a5 Kf6 30. Nf3 Rc8 
31. Re3 Ba4 32. Ne5 Kf5 33. Kg1 Kf4 34. Kf2 Bd1 35. Ng6+ 1-0

[Event "Cto por Equipos de Aragon-Preferente II"]
[Site ""]
[Date "2023.02.25"]
[Round "5.71"]
[White "Garcia Alvarez, Sergio"]
[Black "Sancho Casale, Jesus"]
[Result "1/2-1/2"]
[WhiteElo "1722"]
[BlackElo "1933"]
[PlyCount "0"]
[WhiteTeam "Actur Rey Fernando A"]
[BlackTeam "Tauste A"]
[EventDate "2023.01.28"]

1. b3 e5 2. Bb2 Nc6 3. e3 d5 4. d3 Nf6 5. g3 Bc5 6. Bg2 O-O 7. h3 Be6 
8. Ne2 Qd7 9. Nd2 Rfe8 10. a3 Rad8 11. Nf3 Bd6 12. g4 Kh8 13. Ng5 h6 
14. Nxe6 Qxe6 15. Ng3 d4 16. e4 Ne7 17. Nf5 Ng6 18. h4 Nf4 19. Kf1 Ng8 
20. Bc1 c5 21. g5 b5 22. Bxf4 exf4 23. Bh3 Qe5 24. Qf3 c4 25. Rg1 g6 
26. Nxd6 Rxd6 27. Rg4 Kg7 28. Rxf4 Re7 29. Qg3 h5 30. Rf3 Rc6 
31. Qxe5+ Rxe5 32. bxc4 bxc4 33. a4 cxd3 34. cxd3 Rc3 35. Bg2 Rec5 
36. Bh3 Ne7 37. Rb1 Rc1+ 38. Rxc1 Rxc1+ 39. Kg2 Nc6 40. Rf6 Rc3 41. Rd6 Ne5 
42. Rxd4 Nxd3 1/2-1/2

[Event "Cto por Equipos de Aragon-Preferente II"]
[Site ""]
[Date "2023.02.25"]
[Round "5.72"]
[White "Muro Turon, Raul"]
[Black "Perez Puyal, Jose Joaquin"]
[Result "0-1"]
[WhiteElo "1813"]
[BlackElo "1689"]
[PlyCount "0"]
[WhiteTeam "Tauste A"]
[BlackTeam "Actur Rey Fernando A"]
[EventDate "2023.01.28"]

1. e4 d5 2. exd5 Nf6 3. Bb5+ Bd7 4. Be2 Nxd5 5. d4 Bf5 6. Nf3 e6 7. a3 Be7 
8. 0-0 0-0 9. c4 Nb6 10. Nc3 c5 11. Be3 N8d7 12. a4 Rc8 13. b3 Nf6 
14. a5 Nbd7 15. a6 Qb6 16. axb7 Qxb7 17. Ne5 Rfd8 18. Bf3 Ne4 19. Nxe4 Bxe4 
20. Bxe4 Qxe4 21. Qf3 Qxf3 22. Nxf3 Rc7 23. g3 h6 24. Rfd1 Bf6 25. Ra5 cxd4 
26. Bxd4 Nb8 27. Rd2 Nc6 28. Bxf6 Rxd2  0-1

[Event "Ctor por Equipos de Aragon-Division de Honor"]
[Site ""]
[Date "2023.03.04"]
[Round "6.1"]
[White "Van Ojik, Mark"]
[Black "Adla, Diego"]
[Result "1/2-1/2"]
[WhiteElo "2268"]
[BlackElo "2400"]
[PlyCount "0"]
[WhiteTeam "ONCE C. A. Aragon"]
[BlackTeam "MyInvestor Casablanca"]
[EventDate "2023.01.28"]

1. e4 c5 2. Nf3 d6 3. d4 Nf6 4. Nc3 cxd4 5. Nxd4 a6 6. Be2 e5 7. Nb3 Be7 8. O-O
O-O 9. a4 Be6 10. Be3 Nbd7 11. f4 exf4 12. Rxf4 Ne8 13. Nd4 Bg5 14. Nxe6 fxe6
15. Rxf8+ Nxf8 16. Bf2 Rc8 17. e5 d5 18. Bd3 Bf4 19. Qe2 Qg5 20. Re1 Ng6 21.
Bxg6 Qxg6 22. Qf3 Bg5 23. Qg4 Bd2 24. Qxg6 hxg6 25. Rb1 Rc4 26. Kf1 Nc7 27. g3
b5 28. axb5 Bxc3 29. b6 Bxe5 30. Re1 Bd6 31. bxc7 Kf7 32. c3 Bxc7 33. Ra1 a5
34. Ke2 a4 35. Kd3 g5 36. Be3 g4 37. Rf1+ Ke8 38. Bd4 e5 39. Re1 e4+ 1/2-1/2

[Event "Ctor por Equipos de Aragon-Division de Honor"]
[Site ""]
[Date "2023.03.04"]
[Round "6.2"]
[White "Glavina, Pablo"]
[Black "Laliena Solanes, Luis"]
[Result "1-0"]
[WhiteElo "2408"]
[BlackElo "2196"]
[PlyCount "0"]
[WhiteTeam "MyInvestor Casablanca"]
[BlackTeam "ONCE C. A. Aragon"]
[EventDate "2023.01.28"]

1. e4 c6 2. Nf3 d5 3. d3 Qc7 4. Nc3 dxe4 5. dxe4 Bg4 6. Bc4 Nf6 7. h3 Bxf3 8.
Qxf3 Nbd7 9. Bf4 e5 10. Bg5 Bc5 11. O-O h6 12. Bh4 g5 13. Bg3 b5 14. Bb3 Bd6
15. Nd1 Bc5 16. a4 Qd6 17. axb5 cxb5 18. Ne3 Bxe3 19. fxe3 O-O 20. Rad1 Qe7 21.
Qf5 Kg7 22. h4 g4 23. h5 Rg8 24. Bh4 1-0

[Event "Ctor por Equipos de Aragon-Division de Honor"]
[Site ""]
[Date "2023.03.04"]
[Round "6.3"]
[White "Gavin Roche, Enrique"]
[Black "Quintin Navarro, Alberto"]
[Result "0-1"]
[WhiteElo "2201"]
[BlackElo "2373"]
[PlyCount "0"]
[WhiteTeam "ONCE C. A. Aragon"]
[BlackTeam "MyInvestor Casablanca"]
[EventDate "2023.01.28"]

1. d4 Nf6 2. c4 e6 3. a3 d5 4. Nc3 c6 5. cxd5 exd5 6. Bg5 Be7 7. e3 Bf5 8. Nge2
O-O 9. Ng3 Bg6 10. h4 h6 11. Bf4 Bd6 12. Bxd6 Qxd6 13. h5 Bh7 14. Bd3 Bxd3 15.
Qxd3 Nbd7 16. Rh3 Qe6 17. f3 c5 18. Kf2 cxd4 19. exd4 Rfe8 20. Rhh1 Qb6 21. Na4
Qd6 22. Nf5 Qf4 23. Kg1 Ne4 24. fxe4 dxe4 25. Rf1 exd3 26. Rxf4 Re1+ 27. Rf1 d2
28. Nc3 Rc8 29. Nd1 Rce8 30. Kf2 Nf6 31. Nfe3 Ne4+ 32. Kf3 Ng5+ 33. Kf4 Re4+
34. Kf5 R1xe3 35. Nxe3 Rxe3 36. Rd1 Re2 37. Rhg1 Kf8 38. d5 Ke7 0-1

[Event "Ctor por Equipos de Aragon-Division de Honor"]
[Site ""]
[Date "2023.03.04"]
[Round "6.4"]
[White "Vela Frago, Alberto"]
[Black "Baigorri Navarro, Francisco Javier"]
[Result "1-0"]
[WhiteElo "2213"]
[BlackElo "2158"]
[PlyCount "0"]
[WhiteTeam "MyInvestor Casablanca"]
[BlackTeam "ONCE C. A. Aragon"]
[EventDate "2023.01.28"]

1. d4 Nf6 2. c4 e6 3. Nc3 Bb4 4. Qc2 d5 5. cxd5 Qxd5 6. Nf3 Qf5 7. Qxf5 exf5 8.
Bf4 c6 9. Rc1 Be6 10. a3 Be7 11. e3 O-O 12. Be2 Nbd7 13. O-O Nb6 14. Nd2 Rfd8
15. Rfd1 Rd7 16. Nf3 h6 17. h3 Bb3 18. Re1 Rdd8 19. Bd3 Be6 20. Red1 Bf8 21.
Bc7 Rdc8 22. Be5 Nfd7 23. Bh2 g6 24. Ne2 Nf6 25. Nf4 Bb3 26. Bc2 Bxc2 27. Rxc2
Re8 28. Nd3 Rad8 29. b4 Nbd5 30. Nfe5 Ne4 31. Nc4 g5 32. f3 Nef6 33. Kf2 Nh5
34. g4 fxg4 35. hxg4 Ng7 36. e4 Nb6 37. Ke3 Nd5+ 38. Kf2 Nb6 39. Nc5 Nxc4 40.
Rxc4 Re7 41. Nb3 Ne6 42. Rc2 Red7 43. Be5 Bg7 44. Bxg7 Kxg7 45. Ke3 Kg6 46. Rh2
Nf4 47. Rdh1 Rh8 48. Nc5 Re7 49. Nd3 Ne6 50. Nc1 Kg7 51. Ne2 Rd7 52. Ng3 Nxd4
53. Rd2 Rhd8 54. Rxd4 1-0

[Event "Ctor por Equipos de Aragon-Division de Honor"]
[Site ""]
[Date "2023.03.04"]
[Round "6.5"]
[White "Garza Marco, Sergio"]
[Black "Hinojar Basa, Alfonso"]
[Result "1/2-1/2"]
[WhiteElo "2397"]
[BlackElo "2164"]
[PlyCount "0"]
[WhiteTeam "Helios"]
[BlackTeam "Marcos Frechin"]
[EventDate "2023.01.28"]

1. d4 Nf6 2. Bg5 d5 3. Bxf6 gxf6 4. e3 c5 5. dxc5 Nc6 6. Bb5 e6 7. c4 dxc4 8. Nd2 Bd7 
9. Ngf3 Bxc5 10. O-O Be7 11. Rc1 a6 12. Bxc4 O-O 13. Ne4 Qc7 14. Ng3 Rad8 15. Bd3 Qa5 
16. a3 Ne5 17. Nxe5 Qxe5 18. Qg4+ Qg5 19. Qe4 Qg6 20. Rc7 Qxe4 21. Bxe4 f5 22. Bxb7 Bd6 
23. Rc2 Bb5 24. Rfc1 Be5 25. b3 Rb8 26. f4 Bxf4 27. exf4 Rxb7 28. b4 Rd8 29. Nh5 Kf8 
30. Rc3 Ke7 31. Rc7+ Rd7 32. Rxb7 Rxb7 33. Kf2 Rd7 34. Rc3 Rd2+ 35. Kg1 Rd1+ 36. Kf2 Rd2+ 
37. Kg1 Rd1+ 38. Kf2 Rd2+ 1/2-1/2

[Event "Ctor por Equipos de Aragon-Division de Honor"]
[Site ""]
[Date "2023.03.04"]
[Round "6.6"]
[White "Miranda Herrera, Jorge Manuel"]
[Black "Eizaguerri Floris, Maria"]
[Result "0-1"]
[WhiteElo "2115"]
[BlackElo "2137"]
[PlyCount "0"]
[WhiteTeam "Marcos Frechin"]
[BlackTeam "Helios"]
[EventDate "2023.01.28"]

1. e4 c5 2. c3 Nf6 3. e5 Nd5 4. g3 d6 5. exd6 Qxd6 6. Bg2 Nc6 7. Ne2 Bg4 8. h3 Bh5 9. O-O e6 
10. g4 Bg6 11. d4 O-O-O 12. Nd2 cxd4 13. Nxd4 Nxd4 14. cxd4 Kb8 15. Nc4 Qb4 16. b3 Nc3 
17. Qf3 Be4 18. Qxf7 Ne2+ 19. Kh1 Bxg2+ 20. Kxg2 Nxd4 21. Bf4+ Ka8 22. Bc7 Rc8 23. Be5 Bc5 
24. Bxg7 Rhd8 25. Rae1 Rf8 26. Bxf8 Rxf8 27. Qxh7 Nf3 28. Rxe6 Qc3 29. Qe4 Nh4+ 30. Kh2 Nf3+ 
31. Kh1 Qh8 32. Re8+ Rxe8 33. Qxf3 Rf8 34. Qg3 Qd4 35. f3 Qd3 36. Re1 a6 37. Ne5 Qd2 38. Rf1 Rd8 
39. g5 Qe2 40. Re1 Rd1 41. Rxd1 Qxd1+ 42. Kh2 Qe2+ 43. Kh1 Bf2  0-1

[Event "Ctor por Equipos de Aragon-Division de Honor"]
[Site ""]
[Date "2023.03.04"]
[Round "6.7"]
[White "Cerrajeria Ruiz, Jesus Maria"]
[Black "Miranda Herrera, Miguel"]
[Result "0-1"]
[WhiteElo "2064"]
[BlackElo "1976"]
[PlyCount "0"]
[WhiteTeam "Helios"]
[BlackTeam "Marcos Frechin"]
[EventDate "2023.01.28"]

1. a3 d5 2. Nf3 Nf6 3. g3 Bf5 4. Bg2 Nbd7 5. d4 h6 6. c4 e6 7. O-O c6 8. Qb3 Qb6 9. Qxb6 axb6 
10. Nbd2 Ne4 11. Nh4 Nxd2 12. Bxd2 dxc4 13. Nxf5 exf5 14. d5 c5 15. Rfc1 b5 16. d6 Bxd6 
17. Bxb7 Rb8 18. Bc6 Rb6 19. Bxd7+ Kxd7 20. Bc3 f6 21. f4 Ra8 22. Kf2 Ke6 23. Bd2 g5 
24. Be3 g4 25. Rc2 h5 26. h3 Rh8 27. h4 Be7 28. Rd1 Rd6 29. Re1 Kd5 30. a4 bxa4 31. Rec1 Rc6 
32. Rd1+ Ke6 33. Rxc4 Rb8 34. Bc1 Rb4 35. Rc2 Rd6 36. Re1 Rdd4 37. Bd2 Rdc4 38. Bc3 Rb3 39. Ra1 Bd8 
40. Rd2 Bc7 41. Rd3 Re4 42. e3 c4 43. Rd4 a3 44. Rxa3 Rxa3 45. bxa3 Rxd4 46. Bxd4 Ba5 47. Ke2 Kd5 
48. Bxf6 Ke4 49. a4 c3 50. Bd4 Bb4 51. Be5 Ba5 52. Bd4 Bb4 53. Bf6 Ba5 54. Be7 Bb6 55. Bb4 c2 
56. Bd2 Bc5 57. a5 Ba7 58. Bc1 Bc5 59. a6 Ba7 60. Kd2 Kf3 61. Kxc2 Kxg3 62. e4 fxe4 63. f5 Kxh4 64. Bf4 g3 
65. f6 g2 66. Bh2 Kh3 67. Bg1 Bxg1 68. f7 Bc5 69. a7 Bxa7 70. f8=Q g1=Q 71. Qc8+ Qg4 72. Qc3+ Qf3 
73. Qc8+ Kg2 74. Qg8+ Kf2 75. Kb1 Qd1+ 76. Ka2 Qc2+ 0-1